书目信息 |
| 题名: |
数列与极限
|
|
| 作者: | 李长明 编 | |
| 分册: | ||
| 出版信息: | 贵阳 贵州人民出版社 1981 |
|
| 页数: | 321页 | |
| 开本: | 19cm | |
| 丛书名: | ||
| 单 册: | ||
| 中图分类: | O171 | |
| 科图分类: | ||
| 主题词: | 极限(数学) , 数列 | |
| 电子资源: | ||
| ISBN: | ||
| 000 | 00635nam0 2200253 45 | |
| 001 | 0181005403 | |
| 005 | 20060727170401.17 | |
| 010 | @dCNY0.83 | |
| 091 | @aCN@b7115.593 | |
| 100 | @a19950706d1981 em y0chiy0121 ea | |
| 101 | 0 | @achi |
| 102 | @aCN@b520000 | |
| 105 | @ay z 000yy | |
| 200 | 10 | @a数列与极限@Ashu lie yu ji xian@f李长明编 |
| 210 | @a贵阳@c贵州人民出版社@d1981 | |
| 215 | @a321页@d19cm | |
| 300 | @a微积分教学参考用书(上) | |
| 606 | @a极限(数学) | |
| 606 | @a数列 | |
| 690 | @aO171@v3 | |
| 701 | 0 | @a李长明@Ali chang ming@4编 |
| 801 | 2 | @aCN@bNLC@c20060727 |
| 801 | 0 | @aCN@bTSSF |
| 905 | @a10447@dO171@e112 | |
| 数列与极限/李长明编.-贵阳:贵州人民出版社,1981 |
| 321页;19cm |
| 微积分教学参考用书(上) |
| ISBN :CNY0.83 |
| ● |
| 相关链接 |
|
|
|
|
正题名:数列与极限
索取号:O171/112
 
预约/预借
| 序号 | 登录号 | 条形码 | 馆藏地/架位号 | 状态 | 备注 |
| 1 | 0442484 | 204424845 | 密集书库/ [索取号:O171/112] | 在馆 |